000
00342nam a2200145Ia 4500
008
150201s2007 xx 000 0 und d
082
_a
617.643
_b
C2007P
100
_a
PROFFIT,WILLIAM
245
_a
CONTEMPORARY ORTHODONTICS
250
_a
4TH
260
_b
MOSBY
_a
DELHI
_c
2007
300
_a
1-751
650
_a
ORTHODONTICS
942
_2
ddc
_c
BK
999
_c
3676
_d
3676